Normal view
MARC view
- UNITED STATES - POLITICS AND GOVERNMENT- 2001, BUSH, GEORGE W (GEORGE WALKER ), 1946 ETHIC, POLITICAL CORRUPTION - UNITED STATES, IRAQ WAR 2003 CAUSES, POLITICAL AND WAR - CASE STUDIES, IRAQ WAR 2003- BIOGRAPHY.BUSH WAR FOR REELECTION
Entry Topical Term
001 - CONTROL NUMBER
- control field: 64016
003 - CONTROL NUMBER IDENTIFIER
- control field: NUST
005 - DATE AND TIME OF LATEST TRANSACTION
- control field: 20210628203219.0
008 - FIXED-LENGTH DATA ELEMENTS
- fixed length control field: 210628|| aca||aabn | a|a d
040 ## - CATALOGING SOURCE
- Original cataloging agency: NUST
- Transcribing agency: NUST
150 ## - HEADING--TOPICAL TERM
- Topical term or geographic name entry element: UNITED STATES - POLITICS AND GOVERNMENT- 2001, BUSH, GEORGE W (GEORGE WALKER ), 1946 ETHIC, POLITICAL CORRUPTION - UNITED STATES, IRAQ WAR 2003 CAUSES, POLITICAL AND WAR - CASE STUDIES, IRAQ WAR 2003- BIOGRAPHY.BUSH WAR FOR REELECTION
670 ## - SOURCE DATA FOUND
- Source citation: Work cat.: (NUST): Moore. James 64015, Bush's war for reelection, iraq, the white house and the people, 2004
